[Event "DEM U14w 2025"]
[Site "Willingen GER"]
[Date "2025.06.11"]
[Round "5"]
[White "Liu, Yuelin"]
[Black "Albrecht, Sidney Jenna"]
[Result "0-1"]
[Termination "normal"]
[Board "13"]
[WhiteElo "972"]
[BlackElo "1504"]
[WhiteClock "00:20:18"]
[BlackClock "00:12:30"]
[PlyCount "130"]
[WhiteFideId "533035970"]
[BlackFideId "34660283"]
[EventCountry "GER"]
[EventRounds "9"]
[EventType "swiss"]
[EventDate "2025.06.07"]

1. e4 {[%clk 01:30:57]} {[%emt 00:00:02]} c5 {[%clk 01:30:55]} {[%emt
00:00:05]} 2. Nf3 {[%clk 01:31:25]} {[%emt 00:00:04]} Nc6 {[%clk 01:31:19]}
{[%emt 00:00:05]} 3. d4 {[%clk 01:31:50]} {[%emt 00:00:05]} cxd4 {[%clk
01:31:44]} {[%emt 00:00:05]} 4. Nxd4 {[%clk 01:32:14]} {[%emt 00:00:06]} g6
{[%clk 01:32:03]} {[%emt 00:00:11]} 5. c4 {[%clk 01:32:33]} {[%emt 00:00:11]}
Bg7 {[%clk 01:32:25]} {[%emt 00:00:08]} 6. Be3 {[%clk 01:32:55]} {[%emt
00:00:08]} Nf6 {[%clk 01:32:44]} {[%emt 00:00:10]} 7. Nc3 {[%clk 01:33:14]}
{[%emt 00:00:12]} O-O {[%clk 01:33:00]} {[%emt 00:00:14]} 8. Be2 {[%clk
01:33:33]} {[%emt 00:00:11]} d6 {[%clk 01:33:10]} {[%emt 00:00:20]} 9. O-O
{[%clk 01:33:54]} {[%emt 00:00:09]} Bd7 {[%clk 01:33:23]} {[%emt 00:00:17]} 10.
Qd2 {[%clk 01:34:08]} {[%emt 00:00:16]} Nxd4 {[%clk 01:33:26]} {[%emt
00:00:27]} 11. Bxd4 {[%clk 01:32:59]} {[%emt 00:01:38]} Bc6 {[%clk 01:33:11]}
{[%emt 00:00:45]} 12. f3 {[%clk 01:32:34]} {[%emt 00:00:56]} a5 {[%clk
01:31:34]} {[%emt 00:02:06]} 13. a4 {[%clk 01:26:09]} {[%emt 00:06:55]} Nd7
{[%clk 01:27:39]} {[%emt 00:04:25]} 14. Bxg7 {[%clk 01:22:42]} {[%emt
00:03:58]} Kxg7 {[%clk 01:27:59]} {[%emt 00:00:09]} 15. Qe3 {[%clk 01:16:20]}
{[%emt 00:06:52]} Nc5 {[%clk 01:23:11]} {[%emt 00:05:18]} 16. Nb5 {[%clk
01:12:02]} {[%emt 00:04:48]} Bxb5 {[%clk 01:16:30]} {[%emt 00:07:12]} 17. axb5
{[%clk 01:09:59]} {[%emt 00:02:33]} Kg8 {[%clk 01:11:37]} {[%emt 00:05:22]} 18.
Rfd1 {[%clk 01:09:06]} {[%emt 00:01:24]} Qb6 {[%clk 01:09:28]} {[%emt
00:02:39]} 19. Kh1 {[%clk 01:04:36]} {[%emt 00:04:59]} Rfc8 {[%clk 01:00:39]}
{[%emt 00:09:19]} 20. h3 {[%clk 00:58:03]} {[%emt 00:07:03]} Qc7 {[%clk
00:55:52]} {[%emt 00:05:17]} 21. f4 {[%clk 00:54:26]} {[%emt 00:04:07]} b6
{[%clk 00:46:01]} {[%emt 00:10:21]} 22. Bg4 {[%clk 00:50:55]} {[%emt 00:04:01]}
Rd8 {[%clk 00:43:00]} {[%emt 00:03:31]} 23. f5 {[%clk 00:49:15]} {[%emt
00:02:10]} Nd7 {[%clk 00:35:49]} {[%emt 00:07:41]} 24. fxg6 {[%clk 00:47:08]}
{[%emt 00:02:38]} hxg6 {[%clk 00:34:34]} {[%emt 00:01:44]} 25. Qg3 {[%clk
00:45:09]} {[%emt 00:02:29]} Ne5 {[%clk 00:29:42]} {[%emt 00:05:22]} 26. Bh5
{[%clk 00:44:18]} {[%emt 00:01:22]} Qxc4 {[%clk 00:27:18]} {[%emt 00:02:53]}
27. Rac1 {[%clk 00:38:28]} {[%emt 00:06:20]} Qxe4 {[%clk 00:23:58]} {[%emt
00:03:50]} 28. Bf3 {[%clk 00:35:51]} {[%emt 00:03:07]} Nxf3 {[%clk 00:23:54]}
{[%emt 00:00:33]} 29. gxf3 {[%clk 00:35:41]} {[%emt 00:00:39]} Qe5 {[%clk
00:22:26]} {[%emt 00:02:00]} 30. Qh4 {[%clk 00:34:58]} {[%emt 00:01:11]} Rac8
{[%clk 00:20:41]} {[%emt 00:02:16]} 31. b3 {[%clk 00:30:37]} {[%emt 00:04:53]}
Rxc1 {[%clk 00:19:07]} {[%emt 00:02:03]} 32. Rxc1 {[%clk 00:30:45]} {[%emt
00:00:20]} Qe3 {[%clk 00:17:39]} {[%emt 00:01:59]} 33. Rg1 {[%clk 00:28:35]}
{[%emt 00:02:40]} Qxf3+ {[%clk 00:16:08]} {[%emt 00:02:02]} 34. Kh2 {[%clk
00:28:57]} {[%emt 00:00:08]} Qe2+ {[%clk 00:15:31]} {[%emt 00:01:06]} 35. Rg2
{[%clk 00:28:50]} {[%emt 00:00:38]} Qe5+ {[%clk 00:15:20]} {[%emt 00:00:41]}
36. Kh1 {[%clk 00:28:52]} {[%emt 00:00:28]} Rc8 {[%clk 00:14:14]} {[%emt
00:01:36]} 37. Qh6 {[%clk 00:28:16]} {[%emt 00:01:05]} Rc3 {[%clk 00:12:05]}
{[%emt 00:02:40]} 38. Qh4 {[%clk 00:21:37]} {[%emt 00:07:09]} Rc1+ {[%clk
00:11:10]} {[%emt 00:01:25]} 39. Rg1 {[%clk 00:21:38]} {[%emt 00:00:29]} Qd5+
{[%clk 00:10:08]} {[%emt 00:01:31]} 40. Kh2 {[%clk 00:21:21]} {[%emt 00:00:48]}
Rxg1 {[%clk 00:09:26]} {[%emt 00:01:11]} 41. Kxg1 {[%clk 00:21:27]} {[%emt
00:00:26]} f6 {[%clk 00:08:55]} {[%emt 00:01:00]} 42. Qg4 {[%clk 00:21:34]}
{[%emt 00:00:20]} Qg5 {[%clk 00:09:10]} {[%emt 00:00:18]} 43. Qxg5 {[%clk
00:20:45]} {[%emt 00:01:19]} fxg5 {[%clk 00:09:31]} {[%emt 00:00:09]} 44. Kg2
{[%clk 00:21:08]} {[%emt 00:00:07]} Kf7 {[%clk 00:09:53]} {[%emt 00:00:08]} 45.
Kf3 {[%clk 00:20:47]} {[%emt 00:00:51]} Kf6 {[%clk 00:10:02]} {[%emt 00:00:20]}
46. Ke4 {[%clk 00:20:40]} {[%emt 00:00:38]} e5 {[%clk 00:09:52]} {[%emt
00:00:40]} 47. Kd5 {[%clk 00:20:32]} {[%emt 00:00:39]} Kf5 {[%clk 00:09:28]}
{[%emt 00:00:53]} 48. Kc6 {[%clk 00:17:25]} {[%emt 00:03:37]} e4 {[%clk
00:09:27]} {[%emt 00:00:32]} 49. Kxb6 {[%clk 00:17:51]} {[%emt 00:00:03]} e3
{[%clk 00:09:44]} {[%emt 00:00:13]} 50. Kxa5 {[%clk 00:18:17]} {[%emt
00:00:05]} e2 {[%clk 00:09:56]} {[%emt 00:00:17]} 51. b6 {[%clk 00:18:27]}
{[%emt 00:00:20]} e1=Q+ {[%clk 00:10:07]} {[%emt 00:00:20]} 52. b4 {[%clk
00:18:37]} {[%emt 00:00:20]} Qa1+ {[%clk 00:09:55]} {[%emt 00:00:42]} 53. Kb5
{[%clk 00:18:56]} {[%emt 00:00:11]} Qa8 {[%clk 00:10:12]} {[%emt 00:00:13]} 54.
Kc4 {[%clk 00:19:02]} {[%emt 00:00:23]} Qc6+ {[%clk 00:10:20]} {[%emt
00:00:22]} 55. Kb3 {[%clk 00:19:17]} {[%emt 00:00:15]} Qxb6 {[%clk 00:10:42]}
{[%emt 00:00:08]} 56. Kc4 {[%clk 00:19:16]} {[%emt 00:00:32]} Ke5 {[%clk
00:10:51]} {[%emt 00:00:20]} 57. b5 {[%clk 00:19:25]} {[%emt 00:00:21]} Qc5+
{[%clk 00:11:03]} {[%emt 00:00:18]} 58. Kd3 {[%clk 00:19:34]} {[%emt 00:00:21]}
Qxb5+ {[%clk 00:11:19]} {[%emt 00:00:14]} 59. Ke3 {[%clk 00:19:52]} {[%emt
00:00:12]} Qb3+ {[%clk 00:11:37]} {[%emt 00:00:12]} 60. Kf2 {[%clk 00:20:13]}
{[%emt 00:00:10]} Ke4 {[%clk 00:11:44]} {[%emt 00:00:22]} 61. Kg2 {[%clk
00:19:31]} {[%emt 00:01:12]} Kf4 {[%clk 00:12:01]} {[%emt 00:00:12]} 62. Kf2
{[%clk 00:19:23]} {[%emt 00:00:39]} Qb2+ {[%clk 00:12:20]} {[%emt 00:00:11]}
63. Ke1 {[%clk 00:19:39]} {[%emt 00:00:14]} Kf3 {[%clk 00:12:36]} {[%emt
00:00:14]} 64. Kd1 {[%clk 00:19:57]} {[%emt 00:00:12]} Ke3 {[%clk 00:12:47]}
{[%emt 00:00:19]} 65. Ke1 {[%clk 00:20:18]} {[%emt 00:00:10]} Qb1# {[%clk
00:12:30]} {[%emt 00:00:05]} 0-1

[Event "DEM U14w 2025"]
[Site "Willingen GER"]
[Date "2025.06.11"]
[Round "5"]
[White "Mader, Theresa"]
[Black "Werner, Amelie"]
[Result "1/2-1/2"]
[Termination "normal"]
[Board "14"]
[WhiteElo "1592"]
[BlackElo "1544"]
[WhiteClock "00:13:16"]
[BlackClock "00:15:41"]
[PlyCount "70"]
[WhiteFideId "34605657"]
[BlackFideId "34639900"]
[EventCountry "GER"]
[EventRounds "9"]
[EventType "swiss"]
[EventDate "2025.06.07"]

1. d4 {[%clk 01:30:59]} d5 {[%clk 01:30:52]} {[%emt 00:00:09]} 2. c4 {[%clk
01:31:23]} {[%emt 00:00:05]} c6 {[%clk 01:31:18]} {[%emt 00:00:04]} 3. Nf3
{[%clk 01:31:45]} {[%emt 00:00:08]} Nf6 {[%clk 01:31:43]} {[%emt 00:00:05]} 4.
Nc3 {[%clk 01:32:04]} {[%emt 00:00:12]} a6 {[%clk 01:32:08]} {[%emt 00:00:06]}
5. e3 {[%clk 01:31:45]} {[%emt 00:00:48]} b5 {[%clk 01:31:39]} {[%emt
00:00:59]} 6. cxd5 {[%clk 01:24:20]} {[%emt 00:07:55]} cxd5 {[%clk 01:31:58]}
{[%emt 00:00:11]} 7. Bd3 {[%clk 01:22:54]} {[%emt 00:01:56]} Bg4 {[%clk
01:30:12]} {[%emt 00:02:16]} 8. h3 {[%clk 01:21:10]} {[%emt 00:02:14]} Bxf3
{[%clk 01:26:35]} {[%emt 00:04:06]} 9. Qxf3 {[%clk 01:20:46]} {[%emt 00:00:55]}
Nc6 {[%clk 01:26:07]} {[%emt 00:00:59]} 10. Qd1 {[%clk 01:12:16]} {[%emt
00:08:59]} e6 {[%clk 01:24:19]} {[%emt 00:02:17]} 11. O-O {[%clk 01:10:43]}
{[%emt 00:02:03]} Be7 {[%clk 01:24:28]} {[%emt 00:00:21]} 12. b3 {[%clk
01:08:41]} {[%emt 00:02:33]} O-O {[%clk 01:23:33]} {[%emt 00:01:24]} 13. Bb2
{[%clk 01:07:32]} {[%emt 00:01:40]} Qb6 {[%clk 01:18:18]} {[%emt 00:05:44]} 14.
Rc1 {[%clk 01:01:30]} {[%emt 00:06:32]} Rac8 {[%clk 01:14:20]} {[%emt
00:04:29]} 15. Qe2 {[%clk 00:53:54]} {[%emt 00:08:06]} Rc7 {[%clk 01:02:01]}
{[%emt 00:12:49]} 16. Rfd1 {[%clk 00:51:24]} {[%emt 00:03:00]} Nb4 {[%clk
00:54:31]} {[%emt 00:08:00]} 17. Bb1 {[%clk 00:51:16]} {[%emt 00:00:38]} Rfc8
{[%clk 00:49:38]} {[%emt 00:05:23]} 18. a4 {[%clk 00:40:26]} {[%emt 00:11:20]}
bxa4 {[%clk 00:41:10]} {[%emt 00:08:58]} 19. Nxa4 {[%clk 00:39:20]} {[%emt
00:01:36]} Qb5 {[%clk 00:40:23]} {[%emt 00:01:17]} 20. Qxb5 {[%clk 00:37:34]}
{[%emt 00:02:16]} axb5 {[%clk 00:40:43]} {[%emt 00:00:09]} 21. Rxc7 {[%clk
00:36:51]} {[%emt 00:01:13]} Rxc7 {[%clk 00:41:03]} {[%emt 00:00:11]} 22. Nc3
{[%clk 00:37:04]} {[%emt 00:00:17]} Rb7 {[%clk 00:39:35]} {[%emt 00:01:58]} 23.
Rc1 {[%clk 00:35:06]} {[%emt 00:02:28]} Kf8 {[%clk 00:34:36]} {[%emt 00:05:18]}
24. Ne2 {[%clk 00:32:44]} {[%emt 00:03:04]} g6 {[%clk 00:31:24]} {[%emt
00:03:41]} 25. Rc8+ {[%clk 00:29:56]} {[%emt 00:03:18]} Kg7 {[%clk 00:31:45]}
{[%emt 00:00:09]} 26. Nc3 {[%clk 00:29:24]} {[%emt 00:01:02]} h5 {[%clk
00:28:48]} {[%emt 00:03:27]} 27. Ba3 {[%clk 00:27:44]} {[%emt 00:02:10]} Nc6
{[%clk 00:24:26]} {[%emt 00:04:52]} 28. Bxe7 {[%clk 00:25:15]} {[%emt
00:02:58]} Nxe7 {[%clk 00:24:49]} {[%emt 00:00:08]} 29. Rc5 {[%clk 00:23:35]}
{[%emt 00:02:10]} b4 {[%clk 00:24:00]} {[%emt 00:01:19]} 30. Na4 {[%clk
00:20:25]} {[%emt 00:03:40]} Nd7 {[%clk 00:21:45]} {[%emt 00:02:35]} 31. Rc1
{[%clk 00:18:02]} {[%emt 00:03:03]} Kf6 {[%clk 00:21:09]} {[%emt 00:01:05]} 32.
Bd3 {[%clk 00:16:07]} {[%emt 00:02:26]} Nf5 {[%clk 00:18:41]} {[%emt 00:02:58]}
33. g4 {[%clk 00:14:24]} {[%emt 00:02:13]} hxg4 {[%clk 00:16:25]} {[%emt
00:02:46]} 34. hxg4 {[%clk 00:14:45]} {[%emt 00:00:09]} Ne7 {[%clk 00:16:00]}
{[%emt 00:00:55]} 35. Ba6 {[%clk 00:13:16]} {[%emt 00:01:59]} Ra7 {[%clk
00:15:41]} {[%emt 00:00:45]} 1/2-1/2